01393nam a2200301 a 4500001000200000003000900002005001700011008004100028020001800069040002500087082003300112110002700145240001900172245026500191260004900456300002100505500007100526590002600597650007300623650006500696650007200761650003400833650005600867910001500923942001200938952012400950999001701074 DO-SdBNP20220207122710.0180315s2004 dr 000 0 spa d a9789945898798 aDO-SdBNPbspacBNPHU a343.0327293 bL681c 2222 aRepública Dominicana10a[Leyes , etc.]10aLey 183-02 :bcódigo monetario y financiero (mod. por las leyes 189-11, 167-07, 92-04 ; adecuado conforme la constitución vigente, las leyes 247-12, 494-06, 498-06, el dec. . 56-10 y sus modificaciones y revisada con las leyes 126-15, 480-08, 13-07 y 6-04) aSanto Domingo :bLibrería Delma c[200-?]. a116 p. ;c21 cm. aIncluye referencias bibliográficas y notas al pie de las paginas aInventariado, 2022/VM 4aEstatuto orgánico del sistema financiero zRepública Dominicana  4aSistema financiero xLegislación zRepública Dominicana  4aInstituciones financieras xLegislación zRepública Dominicana  4aLeyeszRepública Dominicana 4aReformas constitucionales zRepública Dominicana  aVMateo V.  2ddccBK 00102ddc40708CDaBPMETbBPMETd2022-02-07l0oBPMSU CD 343.0327293 R426LpBPMSU22020033r2022-02-07w2022-02-07yBK c14017d14017